Einstein, 1879-1979 : exhibition
Saved in:
| Corporate Author: | |
|---|---|
| Format: | Book |
| Language: | Multiple languages Herero |
| Published: |
Jerusalem :
Hebrew University,
1979
|
| Subjects: |
MARC
| LEADER | 00000Cam#a2200000#a#4500 | ||
|---|---|---|---|
| 001 | 004972 | ||
| 005 | 20160721143413.0 | ||
| 008 | 981020s1979########################mul#d | ||
| 040 | |a AR-beUNQ | ||
| 041 | 1 | |a her | |
| 099 | |a 35-J4 | ||
| 110 | 2 | |a Jewish National and University Library [Jerusalem] | |
| 245 | 0 | 0 | |a Einstein, 1879-1979 : exhibition |c Jewish National and University Library [Jerusalem]. |
| 260 | |a Jerusalem : |b Hebrew University, |c 1979 | ||
| 300 | |a ca. 110 : |b il. | ||
| 500 | |a Edición en inglés y hebreo | ||
| 600 | 1 | 7 | |a EINSTEIN, ALBERT, |d 1879-1955. |
| 650 | 7 | |a EXPOSICIONES |2 Spines | |
| 650 | 7 | |a BIOGRAFIAS |2 Spines | |
| 650 | 7 | |a CATALOGOS |2 Spines | |
| 929 | |a COMPRA |b Rogelio García Lupo |d 4,00E |e 19981020 |g Exp. 0387/98 |j 23478 | ||
| 942 | |c LIB |n 0 | ||
| 999 | |c 7740 |d 83127 | ||